000 01574nam a2200265Ia 4500
999 _c51637
_d51637
001 18628
003 GE_BSU
005 20210527112748.0
008 181216s2005||||ge |||||||||||||| ||geo||
040 _cGE_BSU
041 _ageo
080 _a371 ა-13
100 _aაბაშიძე, რომან
_910549
245 _aსასკოლო განათლების სისტემის ფორმირება აჭარაში 1878-1921 წლებში /
_cრომან აბაშიძე ; სამეცნიერო ხელმძღვანელი გ. კვანტალიანი; ი. გოგებაშვილის სახ. პედ. მეცნ. ეროვნ. ინ-ტი.
264 _aთბილისი,
_c2005.
300 _a180 გვ. ;
_bცხრ.
_c30 სმ.
504 _a ბიბლიოგრ.: გვ. 164-171
653 _aდისერტაცია
653 _aპედაგოგიკა
653 _a სასკოლო განათლების ისტორია აჭარაში
653 _aსასკოლო განათლების სისტემის ფორმირება აჭარაში 1878-1921 წლებში
700 _aკვანტალიანი, გ.
_eსამეცნიერო ხელმძღვანელი
_910550
710 _aი. გოგებაშვილის სახ. პედ. მეცნ. ეროვნ. ინ-ტი.
_911897
942 _cBK
_2udc